Hadi érettségi
Elmentve itt :
| Dokumentumtípus: | Cikk |
|---|---|
| Megjelent: |
1916-06-25
|
| Sorozat: | Délmagyarország
5 No. 147 |
| Kulcsszavak: | Hadi érettségi Szeged 1916 |
| Online Access: | http://dmarchiv.bibl.u-szeged.hu/57947 |
| LEADER | 00401nab a2200145 i 4500 | ||
|---|---|---|---|
| 001 | delm57947 | ||
| 005 | 20180927144625.0 | ||
| 008 | 180927s1916 hu o 0|| hun d | ||
| 040 | |a SZTE Délmagyarország Archívum |b hun | ||
| 041 | |a hun | ||
| 245 | 0 | 0 | |a Hadi érettségi |h [elektronikus dokumentum] |
| 260 | |c 1916-06-25 | ||
| 300 | |a 5-6 | ||
| 490 | 0 | |a Délmagyarország |v 5 No. 147 | |
| 695 | |a Hadi érettségi Szeged 1916 | ||